• 首页
  • 本馆介绍
  • 公告通知
  • 最新文献
  • 馆藏检索
  • 电子资源
  • 读者导购
  • 参考咨询
  • 我的图书馆
  • 登录
  • 详细信息显示
  • 放入我的书架
  • 预约/预借图书
  • 作者相关作品
  • 分类相关作品
  • 丛书相关作品
  • 出版社相关作品

书目信息

  • 表格格式
  • 工作单格式
  • 卡片格式
题名:
正义论
    
 
作者: 美约翰·罗尔斯 ;何怀宏
分册:  
出版信息: 北京   中国社会科学出版社  1988
页数: 627页
开本: 20cm
丛书名:
单 册:
中图分类: B82 , B82
科图分类:
主题词: 伦理学
电子资源:
ISBN: 7-5004-0244-9
000 00600nam0 2200205 450
001 2637306220
005 20260414102230.61
010    @a7-5004-0244-9@d¥32.00
100    @a20070819d km y0chiy0120 ea
101 0  @achi
200 1  @a正义论@Azheng yi lun@f[美]约翰·罗尔斯@F[mei]yue han·luo er si@g何怀宏@Ghe huai hong
210    @a北京@c中国社会科学出版社@d1988
215    @a627页@d20cm
606 0  @a伦理学
690    @aB82@v3
690    @aB82@v4
701  0 @a美约翰·罗尔斯@Amei yue han·luo er si
702  0 @a何怀宏@Ahe huai hong
801  0 @aCN@bPFT@c20070819
905    @a213230@dB82@e2128@f1
    
    正义论/[美]约翰·罗尔斯/何怀宏.-北京:中国社会科学出版社,1988
    627页;20cm
    
    
    ISBN 7-5004-0244-9:¥32.00
    
●
相关链接 在E读中查询图书 在五车中查询图书 在当当中查询图书 在豆瓣中查询图书


正题名:正义论     索取号:B82/2128         预约/预借

序号 登录号 条形码 馆藏地/架位号 状态 备注
1 1442599   214425996   第一样本阅览室/ [索取号:B82/2128] 在馆    
唐山师范学院图书馆 欢迎您!
大连网信软件有限公司© 版权所有